The Story Of India-Japan Relationship; Swami Vivekananda & Okakura Tenshin, The Modern Era Pioneers/ (Record no. 205308)

MARC details
000 -LEADER
fixed length control field 00692 a2200181 4500
010 ## - LCCN (DPL NO)
LC control number ENG-141468
020 ## - INTERNATIONAL STANDARD BOOK NUMBER
International Standard Book Number 9788175055094
Terms of availability 400.00
035 ## - SYSTEM CONTROL NUMBER
System control number EN-125000
037 ## - SOURCE OF ACQUISITION
Source of stock number/acquisition DBAD
082 14 - DEWEY DECIMAL CLASSIFICATION NUMBER
Classification number 181.499
Edition number First
100 ## - MAIN ENTRY--PERSONAL NAME
Personal name Swami ,Medhasananda
245 1# - TITLE STATEMENT
Title The Story Of India-Japan Relationship; Swami Vivekananda & Okakura Tenshin, The Modern Era Pioneers/
Statement of responsibility, etc Edited By Swami Medhasananda
260 ## - PUBLICATION, DISTRIBUTION, ETC. (IMPRINT)
Place of publication, distribution, etc Kolkata
Name of publisher, distributor, etc Advaita Ashrama
Date of publication, distribution, etc 2020
270 ## - ADDRESS
Address Publication House of Ramakrishna Math, 5 Dehi Entally Road ,Kolkata
City Kolkata
Postal code 700014
Electronic mail address mail@advaitaashrama.org
300 ## - PHYSICAL DESCRIPTION
Extent 464p.:
Dimensions 22cm(Pb)
700 ## - ADDED ENTRY--PERSONAL NAME
9 (RLIN) 70554
942 ## - ADDED ENTRY ELEMENTS (KOHA)
Institution code [OBSOLETE] dpl
Item type English Books
Source of classification or shelving scheme Dewey Decimal Classification
Classification part 181.499
Call number suffix MED
Edition First
Holdings
Withdrawn status Lost status Not for loan Collection code Home library Current library Date acquired Source of acquisition Cost, normal purchase price Full call number Barcode Copy number Cost, replacement price Koha item type
      Non-fiction Shahdara Branch Shahdara Branch 27/08/2024 DBAD 400.00 181.499 MED EN-125000 1 400.00 English Books

© Delhi Public Library
Hit Counter
free hit counter